书目信息 |
| 题名: |
绿色建筑技术概论
|
|
| 作者: | 李飞 , 杨建明 主编 | |
| 分册: | ||
| 出版信息: | 北京 国防工业出版社 2014 |
|
| 页数: | 10,299页 | |
| 开本: | 23cm | |
| 丛书名: | ||
| 单 册: | ||
| 中图分类: | TU18 | |
| 科图分类: | ||
| 主题词: | 生态建筑--高等教育--教材 , 生态建筑 | |
| 电子资源: | ||
| ISBN: | 978-7-118-09371-1 | |
| 000 | 00950nam0 2200253 450 | |
| 001 | 141829 | |
| 005 | 20141111135305.35 | |
| 010 | @a978-7-118-09371-1@dCNY 36.00 | |
| 100 | @a20140714d2014 em y0chiy50 ea | |
| 101 | 0 | @achi |
| 102 | @aCN@b110000 | |
| 105 | @aa z 000yy | |
| 200 | 1 | @a绿色建筑技术概论@9lv se jian zhu ji shu gai lun@b专著@f李飞,杨建明主编 |
| 210 | @a北京@c国防工业出版社@d2014 | |
| 215 | @a10,299页@c图@d23cm | |
| 300 | @a普通高等教育土木工程特色专业系列教材 | |
| 330 | @a本书主要介绍绿色建筑及评价标准、绿色建筑室内外环境及控制技术、绿色建筑节约材料技术、绿色建筑围护结构节能技术、绿色建筑设备节能技术、绿色建筑能源应用技术、绿色建筑水资源合理利用和绿色建筑管理技术等内容。 | |
| 606 | 0 | @a生态建筑@x高等教育@j教材 |
| 606 | 0 | @a生态建筑 |
| 690 | @aTU18@v5 | |
| 701 | 0 | @a李飞@9li fei@f(1964~)@4主编 |
| 701 | 0 | @a杨建明@9yang jian ming@c(女,@f1964~)@4主编 |
| 801 | 0 | @aCN@bZL@c20141111 |
| 905 | @a241430@dTU18@eL153 | |
| 绿色建筑技术概论/李飞,杨建明主编.-北京:国防工业出版社,2014 |
| 10,299页:图;23cm |
| 普通高等教育土木工程特色专业系列教材 |
| ISBN 978-7-118-09371-1:CNY 36.00 |
| 本书主要介绍绿色建筑及评价标准、绿色建筑室内外环境及控制技术、绿色建筑节约材料技术、绿色建筑围护结构节能技术、绿色建筑设备节能技术、绿色建筑能源应用技术、绿色建筑水资源合理利用和绿色建筑管理技术等内容。 |
| ● |
| 相关链接 |
|
|
|
正题名:绿色建筑技术概论
索取号:TU18/L153
 
预约/预借
| 序号 | 登录号 | 条形码 | 馆藏地/架位号 | 状态 | 备注 |
| 1 | 0839103 | 208391033 | 建筑库101/101建筑库 27排1列2层/ [索取号:TU18/L153] | 在馆 | |
| 2 | 0839104 | 208391042 | 建筑库101/101建筑库 27排1列2层/ [索取号:TU18/L153] | 在馆 | |
| 3 | 0839105 | 208391051 | 建筑库101/101建筑库 27排1列2层/ [索取号:TU18/L153] | 在馆 |